Регионална библиотека "Любен Каравелов" - Русе

Мастиленият лабиринт (Запис номер 348940)

MARC детайли
000 -Лидер
Контролно поле с фиксирана дължина nam a22 a 4500
003 - Код на организацията, давaща контролен номер
Контролно поле BLK
005 - Дата и час на последна редакция
Контролно поле 20230405091250.0
008 - Елементи от данни с фиксирана дължина
fixed length control field 200306b bu |||||r|||| 00| | bu d
020 ## - Международен стандартен номер на книга ISBN
Международен стандартен номер на книга ISBN 9786191643097
040 ## - Източник на каталожния запис
Идентификатор на билиотеката - собственик на записа BLK
041 ## - Код за език
Код за езика на текст/звукозапис или на отделно заглавие Български
Код за езика КДБФ Български
080 ## - УДК
Текстов определител УДК Българска литература
УДК код - определител по УДК 821.163.2
УДК определител -31
УДК - код + определител 821.163.2-31
100 ## - Редна дума - Автор
Автор Филипова, Людмила Орлинова
Дати, свързани с автора 1977-
Автор - информация (биография) Писател. Икономист. Магистър по астрономия. Журналист
R(LIN) 277447
139 ## - Редно поле
Редна дума Филипова, Людмила
Авторски знак Фили - Ф 50
245 ## - Сведения за заглавието
Заглавие Мастиленият лабиринт
Редно поле (дума) Людмила Филипова
250 ## - Област на изданието
Сведения за изданието 3. изд.
260 ## - Област на издателските данни
9 (RLIN) 215899
Място на издаване, разпространение и проч. София
Име на издателя, разпространителя и проч. Enthusiast
Година на издаване 2019
Печатница София : Алианс принт
300 ## - Физическа характеристика
Страници 430 с.
Размери/Мащаб 21 см
380 ## - Жанр
Жанр Худож. лит.
500 ## - Общи забележки
Забележка Биогр. данни за авт. отбелязани на 2-ра кор.
999 ## - СИСТЕМНИ КОНТРОЛНИ НОМЕРА
Koha biblionumber 348940
Koha biblioitemnumber 348940
942 ## - АРТИКУЛИ
Вид на библиотечния материал Книги
Скрит в OPAC Не
Периодичен библиозапис Да
944 ## - СЪЗДАВАНЕ И РЕДАКЦИЯ на ЗАПИСА
Създаване/Редакция Създаване
Дата на регистрацията/редакция 2020-03-06
Служител, извършил регистрацията/редакцията В. Р.
999 ## - СИСТЕМНИ КОНТРОЛНИ НОМЕРА
Koha biblioitemnumber 348940
Наличности
Код за отписване Код за изгубен артикул Източник на класификационната схема Код за повреда Коз за рестрикции Код за отдаване Артикулен № Име на библиотеката - собственик Име на библиотеката, в която се намира в момента Статус (Текущо местоположение) Дата на вписване в системата Местоположение - отдел Цена в лева Систематично азбучна сигнатура Баркод Цена в евро Служебен тип на артикула
  Не е изгубен Universal Decimal Classification Не е повреден само за читалня ползва се в читалня 756501 Регионална библиотека "Любен Каравелов" Русе Регионална библиотека "Любен Каравелов" Русе Хранилище 2020-03-20 Хранилище 20.00 Цб 298955 120000843333 10.23 Книги
Vip Innovations Ltd, Rousse, Bulgaria 2025